书目信息 |
| 题名: |
远程学习的评估与实践
|
|
| 作者: | France Belanger dianneH.Jordan 著 | |
| 分册: | ||
| 出版信息: | 北京 中国轻工业出版社 2003 |
|
| 页数: | 268页 | |
| 开本: | 20cm | |
| 丛书名: | ||
| 单 册: | ||
| 中图分类: | G352 | |
| 科图分类: | ||
| 主题词: | 情报工作 , 情报学 | |
| 电子资源: | ||
| ISBN: | 7-5019-3776-1 | |
| 000 | 00686nam0 2200205 450 | |
| 001 | 0735592734 | |
| 005 | 20070906095312.73 | |
| 010 | @a7-5019-3776-1@d¥16.00 | |
| 100 | @a20070906d km y0chiy0120 ea | |
| 101 | 0 | @achi |
| 200 | 1 | @a远程学习的评估与实践@Ayuan cheng xue xi de ping gu yu shi jian@e技术.工具和技巧@fFrance Belanger dianneH.Jordan著@FFrance Belanger dianneH.Jordan zhu |
| 210 | @a北京@c中国轻工业出版社@d2003 | |
| 215 | @a268页@d20cm | |
| 517 | 1 | @a技术·工具和技巧@Aji shu·gong ju he ji qiao |
| 606 | 0 | @a情报工作 |
| 606 | 0 | @a情报学 |
| 690 | @aG352@v3 | |
| 701 | 0 | @aFrance Belanger dianneH.Jordan@4著 |
| 801 | 0 | @aCN@bPFT@c20070906 |
| 905 | @a213230@dG352@eP5@f1 | |
| 远程学习的评估与实践:技术.工具和技巧/France Belanger dianneH.Jordan著.-北京:中国轻工业出版社,2003 |
| 268页;20cm |
| ISBN 7-5019-3776-1:¥16.00 |
| ● |
| 相关链接 |
|
|
|
|
正题名:远程学习的评估与实践
索取号:G352/P5
 
预约/预借
| 序号 | 登录号 | 条形码 | 馆藏地/架位号 | 状态 | 备注 |
| 1 | 7201756 | 272017569 | 密集书库-物理学院/ [索取号:G352/P5] | 在馆 |